Tratado teórico-práctico de la nulidades (Registro nro. 1757)

Detalles MARC
000 -LEADER
fixed length control field 01217 a2200217 4500
001 - CONTROL NUMBER
control field 28947
005 - DATE AND TIME OF LATEST TRANSACTION
control field 20260407155558.0
008 - FIXED-LENGTH DATA ELEMENTS--GENERAL INFORMATION
fixed length control field 260407a1985 arg spa d
003 - CONTROL NUMBER IDENTIFIER
control field AR-UNSa-BCEJYS
040 ## - CATALOGING SOURCE
Original cataloging agency AR-UNSa-BCEJYS
Language of cataloging spa
Transcribing agency AR-UNSa-BCEJYS
080 ## - UNIVERSAL DECIMAL CLASSIFICATION NUMBER
Universal Decimal Classification number 347.13
Common auxiliary subdivision Actos legales en general (Nulidad de los actos jurídicos)
020 ## - INTERNATIONAL STANDARD BOOK NUMBER
International Standard Book Number 950-14-0241-X
041 ## - LANGUAGE CODE
Language code of text/sound track or separate title spa
100 1# - MAIN ENTRY--PERSONAL NAME
Personal name Lloveras de Resk, María Emilia
245 10 - TITLE STATEMENT
Title Tratado teórico-práctico de la nulidades
264 #1 - PRODUCTION, PUBLICATION, DISTRIBUTION, MANUFACTURE, AND COPYRIGHT NOTICE
Place of production, publication, distribution, manufacture Buenos Aires :
Name of producer, publisher, distributor, manufacturer Ediciones Depalma
Date of production, publication, distribution, manufacture, or copyright notice 1985
300 ## - PHYSICAL DESCRIPTION
Extent xviii, 549 p.
Dimensions 23 cm.
505 ## - FORMATTED CONTENTS NOTE
Formatted contents note Sección primera: La nulidad de los actos jurídicos en el tiempo y en el espacio: 1. Nociones preliminares - 2. Evolución histórica del derecho aplicable a la nulidad de los actos jurídicos - 3. La nulidad de los actos jurídicos en el derecho comparado -- Sección Segunda: Efectos de la nulidad de los actos jurídicos en el derecho argentino: 1. Efectos propios de la sentencia de nulidad - 2. Principio general del Código Civil Argentino - 3. Efectos de la sentencia de nulidad entre las partes - 4. Efectos de la sentencia de nulidad en relación a terceros
590 ## - LOCAL NOTE (RLIN)
Local note niveau_biblio:m niveau_hierar:0
942 ## - ADDED ENTRY ELEMENTS (KOHA)
Koha item type
Existencias
Withdrawn status Lost status Damaged status Not for loan Home library Current library Shelving location Date acquired Total checkouts Full call number Barcode Date last seen Price effective from Koha item type
        Biblioteca Prof. Eusebio Cleto del Rey Biblioteca Prof. Eusebio Cleto del Rey   07/04/2026   347.13 L792 L119994 07/04/2026 07/04/2026 Libro